000 00401nam a22001577a 4500
003 OSt
005 20251030160700.0
008 251030b |||||||| |||| 00| 0 eng d
020 _a9789374735237
040 _cIIMT UNIVERSITY, MEERUT
100 _aCs Ram
245 _aPedagogy In Physiotherapy Education
260 _aNEW DELHI
_b Aitbs Publishers, India
_c2024
300 _a204
942 _2ddc
_c02
999 _c66717
_d66717